000 00304nam a2200109Ia 4500
008 220204s9999 xx 000 0 und d
082 _a663.93
_bDAV
100 _aDavids, Kenneth
245 0 _aCoffee: A guide to buying, brewing and enjoying
260 _aSan Francisco
_b101 Productions
_c1976
942 _cBK
999 _c39084
_d39084